000 00299nam a2200121Ia 4500
008 190216s9999||||xx |||||||||||||| ||und||
100 _aDr.C.I.Garg
245 0 _aHindi-Vishwaprasidha Bharatiya Vaigyanik
260 _bShanthi Pusthak Mandir
_c2011
300 _a112
650 _aHindi
942 _cBK
999 _c16801
_d16801